[Event "AUTO-INT-732"]
[Site "http://www.queenalice.com/game.php?id=326819"]
[Date "2007.12.27"]
[Round "1"]
[White "sissov"]
[Black "txukahamae"]
[Result "1-0"]
[WhiteElo "1672"]
[BlackElo "1625"]

1. c4 e5 2. Nc3 Nf6 3. g3 d5 4. Bg2 dxc4 5. e4 Nc6 6. Qa4 Bd7 7. Qxc4 Nd4 8. Qd3
Be7 9. Nf3 Nxf3+ 10. Qxf3 O-O 11. Qd1 Re8 12. O-O Bc6 13. d3 Bb4 14. Bd2 Qxd3
15. Re1 Bxc3 16. Bxc3 Qxd1 17. Raxd1 a5 18. Rd3 a4 19. Rde3 Rad8 20. f4 exf4 21.
gxf4 Rd7 22. Bxf6 gxf6 23. Bh3 Rde7 24. Bf5 Kg7 25. Kf2 Bd7 26. Rg1+ Kh8 27.
Bxh7 1-0

[Event "AUTO-INT-732"]
[Site "http://www.queenalice.com/game.php?id=326820"]
[Date "2007.12.27"]
[Round "1"]
[White "txukahamae"]
[Black "sissov"]
[Result "0-1"]
[WhiteElo "1611"]
[BlackElo "1686"]

1. d4 d5 2. c4 dxc4 3. Nc3 Nf6 4. Nf3 e6 5. Bg5 b6 6. g3 Bd6 7. Qa4+ Bd7 8. Qxc4
O-O 9. Bg2 a6 10. O-O b5 11. Qd3 Nc6 12. Ne4 Be7 13. Nxf6+ Bxf6 14. Bxf6 Qxf6
15. e3 Rad8 16. a3 e5 17. dxe5 Nxe5 18. Nxe5 Qxe5 19. Qe2 Be6 20. b4 Bc4 21. Qe1
Bxf1 22. Qxf1 Rd2 23. Qe1 Rfd8 24. Bf3 Rc2 25. Bd1 Qxa1 0-1

[Event "AUTO-INT-732"]
[Site "http://www.queenalice.com/game.php?id=326821"]
[Date "2007.12.27"]
[Round "1"]
[White "sissov"]
[Black "dlabedz"]
[Result "1-0"]
[WhiteElo "1719"]
[BlackElo "1352"]

1. c4 d5 2. Nc3 c6 3. d4 Be6 4. c5 b5 5. b4 Na6 6. a3 h6 7. Bf4 g5 8. Bg3 h5 9.
h4 g4 10. e4 Bh6 11. Bd3 Nf6 12. Be5 Rg8 13. Bxf6 exf6 14. Nge2 Qd7 15. O-O f5
16. exf5 Bxf5 17. Re1 O-O-O 18. Ng3 Be6 19. Nxh5 Qc7 20. Ng3 f5 21. Rxe6 Bf4 22.
Bxf5 Bxg3 23. Rxc6+ Rd7 24. Bxd7+ Kxd7 25. Rxc7+ Nxc7 26. Qb1 Bxh4 27. Qh7+ 1-0

[Event "AUTO-INT-732"]
[Site "http://www.queenalice.com/game.php?id=326822"]
[Date "2007.12.27"]
[Round "1"]
[White "dlabedz"]
[Black "sissov"]
[Result "0-1"]
[WhiteElo "1436"]
[BlackElo "1652"]

1. d4 d5 2. e3 c5 3. dxc5 e5 4. b4 f5 5. g3 Nf6 6. Nc3 Be6 7. Nf3 e4 8. Ne5 Nc6
9. a3 Nxe5 10. Bb2 Nf3+ 11. Ke2 d4 12. exd4 Bc4+ 13. Ke3 Ng4+ 14. Kf4 Qg5# 0-1

[Event "Challenge"]
[Site "http://www.queenalice.com/game.php?id=331677"]
[Date "2008.1.6"]
[Round "-"]
[White "SalsaQueen"]
[Black "sissov"]
[Result "0-1"]
[WhiteElo "1696"]
[BlackElo "1699"]

1. d4 d5 2. Nc3 Nf6 3. Nf3 Nc6 4. Bg5 e6 5. a3 Bd6 6. Nb5 O-O 7. Bxf6 Qxf6 8.
Qd3 Rd8 9. g3 a6 10. Nxd6 Rxd6 11. h4 e5 12. dxe5 Nxe5 13. Nxe5 Qxe5 14. Bg2
Qxb2 15. O-O Be6 16. Rab1 Qf6 17. Rxb7 c5 18. Qb3 g6 19. Rb8+ Rd8 20. Rxd8+ Rxd8
21. Qb6 c4 22. Qxa6 Qc3 23. Rc1 Qb2 24. Re1 Qxc2 25. Qb6 Rd7 26. Qa5 c3 27. e4
d4 28. Bf3 d3 29. Bd1 Qc1 30. Rf1 c2 31. Bf3 Qxf1+ 32. Kxf1 Bh3+ 33. Bg2 c1=Q+
34. Qe1 Bxg2+ 0-1

[Event "AUTO-ADV-764"]
[Site "http://www.queenalice.com/game.php?id=333822"]
[Date "2008.1.9"]
[Round "1"]
[White "rob0330"]
[Black "sissov"]
[Result "1-0"]
[WhiteElo "1815"]
[BlackElo "1699"]

1. b3 e5 2. Bb2 Nc6 3. Nf3 d6 4. e4 f5 5. Nc3 Nf6 6. Bd3 g6 7. O-O f4 8. Ne2 Bg4
9. Ne1 g5 10. h3 Bh5 11. f3 Qe7 12. Bb5 Qd7 13. Nc3 a6 14. Nd5 Nxd5 15. exd5
axb5 16. dxc6 Qxc6 17. Nd3 O-O-O 18. Kh1 Bg6 19. Nb4 Qc5 20. Nd3 Qd5 21. Qe2 Re8
22. Nb4 Qc5 23. c3 1-0

[Event "AUTO-ADV-764"]
[Site "http://www.queenalice.com/game.php?id=333823"]
[Date "2008.1.9"]
[Round "1"]
[White "sissov"]
[Black "rob0330"]
[Result "0-1"]
[WhiteElo "1711"]
[BlackElo "1803"]

1. c4 Nc6 2. Nc3 Nf6 3. d4 e5 4. dxe5 Nxe5 5. e4 Bb4 6. Bd3 Bxc3+ 7. bxc3 O-O 8.
Nf3 Nxd3+ 9. Qxd3 d6 10. O-O Bd7 11. Re1 Ng4 12. Bg5 f6 13. Bh4 Qe8 14. Re2 Ne5
15. Nxe5 fxe5 16. f3 Qg6 17. Be1 Rf4 18. Bg3 Rf7 19. Qd5 c6 20. Qd3 a6 21. Rd1
h5 22. Qxd6 Qg5 23. Rd3 Rd8 0-1

[Event "AUTO-ADV-764"]
[Site "http://www.queenalice.com/game.php?id=333838"]
[Date "2008.1.9"]
[Round "1"]
[White "sissov"]
[Black "MCMLXXXI"]
[Result "1-0"]
[WhiteElo "1721"]
[BlackElo "1733"]

1. c4 e5 2. Nc3 Nf6 3. e4 Nc6 4. f4 d6 5. f5 Nd4 6. Be2 c6 7. Nf3 c5 8. O-O Bd7
9. d3 h6 10. Nxd4 cxd4 11. Na4 a6 12. b3 b5 13. Nb2 Qb6 14. Rb1 g6 15. fxg6 fxg6
16. Rxf6 O-O-O 17. c5 Qxc5 18. Bd2 Kb8 19. Rc1 Qa7 20. Bb4 Qb6 21. Rxg6 Be8 22.
Rg3 a5 23. Bd2 Bc6 24. Bxa5 Qxa5 25. Rxc6 Be7 26. Rg7 Bg5 27. Qf1 Be3+ 28. Kh1
Rhf8 29. Rf7 Rg8 30. Qb1 Rde8 31. Nc4 Qc3 32. Rb6+ Ka8 33. Ra6+ Kb8 34. Nxd6 1-0

[Event "AUTO-ADV-764"]
[Site "http://www.queenalice.com/game.php?id=333839"]
[Date "2008.1.9"]
[Round "1"]
[White "MCMLXXXI"]
[Black "sissov"]
[Result "1-0"]
[WhiteElo "1755"]
[BlackElo "1726"]

1. e4 Nc6 2. Nc3 g6 3. Bc4 d6 4. d3 Nf6 5. Bg5 Bg7 6. h3 O-O 7. Qd2 e6 8. f4 Qd7
9. Nf3 d5 10. Bb5 Nh5 11. Bh4 d4 12. Ne2 a6 13. Bxc6 bxc6 14. g4 Nf6 15. Ne5 Qd6
16. Nc4 Qd8 17. e5 Qd5 18. O-O-O Nd7 19. Rhg1 c5 20. f5 Nxe5 21. Nf4 Bh6 22. g5
Nxc4 23. Nxd5 Nxd2 24. Nf6+ Kh8 25. Rxd2 Bg7 26. fxg6 fxg6 27. Rf1 h6 28. Rdf2
hxg5 29. Bxg5 Bb7 30. h4 Bxf6 31. Rxf6 Rxf6 32. Rxf6 Kg7 33. b3 Bd5 34. a3 Rb8
35. Kb2 a5 36. a4 c4 37. dxc4 Bxc4 38. Rf4 c5 39. Be7 1-0

[Event "AUTO-ADV-764"]
[Site "http://www.queenalice.com/game.php?id=333840"]
[Date "2008.1.9"]
[Round "1"]
[White "sissov"]
[Black "chapichapo"]
[Result "1-0"]
[WhiteElo "1700"]
[BlackElo "1763"]

1. c4 e5 2. Nc3 Nf6 3. Nf3 Nc6 4. e3 Bc5 5. b3 e4 6. Ng5 d6 7. Ngxe4 Ne5 8. d4
Nxe4 9. Nxe4 Bb4+ 10. Bd2 Bxd2+ 11. Qxd2 O-O 12. f4 d5 13. Ng5 Ng6 14. Bd3 Re8
15. O-O c6 16. Rf3 Bg4 17. Rg3 h5 18. h3 Be6 19. f5 h4 20. Rg4 Bc8 21. fxg6 Bxg4
22. gxf7+ Kh8 23. fxe8=Q+ Qxe8 24. hxg4 Qe7 25. Nh3 Re8 26. Re1 dxc4 27. Bxc4
Qe4 28. Nf4 Rf8 29. Bd3 Qe8 30. Ng6+ Kg8 31. Nxf8 1-0

[Event "AUTO-ADV-764"]
[Site "http://www.queenalice.com/game.php?id=333841"]
[Date "2008.1.9"]
[Round "1"]
[White "chapichapo"]
[Black "sissov"]
[Result "1-0"]
[WhiteElo "1732"]
[BlackElo "1715"]

1. e4 Nc6 2. Bc4 Nf6 3. Nc3 e5 4. Nf3 Bc5 5. d3 O-O 6. Ng5 Qe7 7. Qf3 Nd4 8. Qh3
Nxc2+ 9. Ke2 Nxa1 10. Nd5 Nxd5 11. Qxh7# 1-0

[Event "AUTO-OPEN-973"]
[Site "http://www.queenalice.com/game.php?id=337706"]
[Date "2008.1.17"]
[Round "1"]
[White "sissov"]
[Black "Juventus"]
[Result "0-1"]
[WhiteElo "1688"]
[BlackElo "1573"]

1. c4 Nf6 2. Nc3 g6 3. d4 Bg7 4. e4 O-O 5. Bd3 Nc6 6. Nf3 d6 7. O-O e5 8. d5 Nd4
9. h3 Nxf3+ 10. Qxf3 h5 11. Bg5 c5 12. Qg3 Qb6 13. b3 Nh7 14. f4 exf4 15. Bxf4
Bxc3 16. Rad1 Qa6 0-1

[Event "AUTO-OPEN-973"]
[Site "http://www.queenalice.com/game.php?id=337707"]
[Date "2008.1.17"]
[Round "1"]
[White "Juventus"]
[Black "sissov"]
[Result "1-0"]
[WhiteElo "1594"]
[BlackElo "1667"]

1. Nf3 d5 2. g3 f5 3. Bg2 Nc6 4. O-O e5 5. Nc3 Nf6 6. e3 Bd6 7. d3 O-O 8. d4 e4
9. Ng5 Ng4 10. Nh3 Be6 11. Nb5 h5 12. Nxd6 Qxd6 13. Ng5 Rf6 14. Nxe6 Rxe6 15. h3
1-0